[Event "Sebes GP op"]
[Site "Sebes"]
[Date "2023.11.04"]
[Round "1"]
[White "Vorniceanu, Alina"]
[Black "Ardelean, George Catalin"]
[Result "0-1"]
[WhiteElo "1538"]
[BlackElo "2433"]
[PlyCount "74"]
[EventDate "2023.11.04"]
[EventType "swiss"]
[EventRounds "10"]
[EventCountry "ROU"]
[SourceTitle "CB46_2023"]
[SourceDate "2023.11.15"]
[SourceVersion "1"]
[SourceVersionDate "2023.11.15"]
[SourceQuality "1"]

1. d4 Nf6 2. Bf4 e6 3. e3 d5 4. Nd2 Bd6 5. Bg3 0-0 6. Ngf3 c5 7. c3 Qc7 8. Ne5 Nfd7 9. Ndf3 f6 10. Nxd7 Nxd7 11. Bd3 b6 12. 0-0 Bxg3 13. hxg3 c4 14. Bc2 Bb7 15. Qb1 f5 16. Ng5 Rf6 17. f4 Qd6 18. Kf2 b5 19. a3 a5 20. Qd1 Bc6 21. Rh1 h6 22. Nf3 Rff8 23. Ne5 Nf6 24. Qf3 b4 25. Ke2 bxc3 26. bxc3 Rab8 27. Rhb1 Bd7 28. Kf1 Rxb1+ 29. Bxb1 Qb6 30. Qe2 Rb8 31. Qa2 Qb2 32. Qxb2 Rxb2 33. a4 Be8 34. Nf3 Ng4 35. Kg1 Nxe3 36. Ne1 Re2 37. Ba2 Bxa4 0-1

[Event "ROM-ch (Women)"]
[Site "Sebes"]
[Date "2023.02.24"]
[Round "7"]
[White "Vorniceanu, Alina"]
[Black "Trifoi, Mihaela Ioana"]
[Result "0-1"]
[WhiteElo "1511"]
[BlackElo "1953"]
[PlyCount "80"]
[EventDate "2023.02.19"]
[EventType "swiss"]
[EventRounds "9"]
[EventCountry "ROU"]
[SourceTitle "CBM 212 Extra"]
[Source "ChessBase"]
[SourceDate "2023.03.31"]
[SourceVersion "1"]
[SourceVersionDate "2023.03.31"]
[SourceQuality "1"]

1. e4 c6 2. d4 d5 3. exd5 cxd5 4. Bf4 Nf6 5. Nd2 Bg4 6. Ngf3 e6 7. c3 Be7 8. Qa4+ Nbd7 9. Ne5 0-0 10. Bd3 Bh5 11. 0-0 a6 12. Qc2 Bg6 13. Nxg6 hxg6 14. g3 Rc8 15. a4 Nb8 16. Qb3 Qd7 17. Nf3 Nc6 18. Ne5 Nxe5 19. dxe5 Nh7 20. h4 Rfd8 21. Be3 Bc5 22. Bd4 Nf8 23. Kg2 Rc6 24. a5 Qc7 25. Ra4 Nd7 26. f4 b5 27. Raa1 b4 28. Qd1 Rb8 29. h5 bxc3 30. Bxc3 d4 31. hxg6 fxg6 32. Bxg6 dxc3 33. Qh5 Rxb2+ 34. Kf3 Nf8 35. Be8 Qb7 36. Rh1 Rc8+ 37. Kg4 Rxe8 38. Qxe8 Qe4 39. Qh5 Qe2+ 40. Kh4 Be7+ 0-1

[Event "ROM-ch (Women)"]
[Site "Sebes"]
[Date "2023.02.21"]
[Round "3"]
[White "Chicarosie, Ioana Bianca"]
[Black "Vorniceanu, Alina"]
[Result "0-1"]
[WhiteElo "1815"]
[BlackElo "1511"]
[PlyCount "108"]
[EventDate "2023.02.19"]
[EventType "swiss"]
[EventRounds "9"]
[EventCountry "ROU"]
[SourceTitle "CBM 212 Extra"]
[Source "ChessBase"]
[SourceDate "2023.03.31"]
[SourceVersion "1"]
[SourceVersionDate "2023.03.31"]
[SourceQuality "1"]

1. d4 Nf6 2. Nf3 g6 3. Nbd2 Bg7 4. e4 d6 5. Bd3 0-0 6. c3 Nbd7 7. 0-0 c5 8. Re1 e6 9. Nc4 d5 10. exd5 Nxd5 11. Bg5 Qc7 12. Rc1 b6 13. Bh4 Bh6 14. Bg5 Bxg5 15. Nxg5 Bb7 16. Qg4 Qf4 17. Qxf4 Nxf4 18. Be4 Bd5 19. b3 f5 20. Bxd5 exd5 21. Nb2 Rfe8 22. Kf1 h6 23. Nf3 g5 24. g3 Ng6 25. Nd3 Re4 26. Nd2 Ree8 27. f3 f4 28. Kf2 Kf7 29. a3 Rac8 30. Rxe8 Rxe8 31. Re1 Rc8 32. Rc1 Ndf8 33. gxf4 cxd4 34. cxd4 Rxc1 35. Nxc1 Nxf4 36. Ne2 N8e6 37. Nxf4 gxf4 38. Ke2 Nxd4+ 39. Kd3 Nc6 40. Nb1 Ke6 41. Nc3 Ne5+ 42. Ke2 d4 43. Nb5 d3+ 44. Kf2 a5 45. Nc3 Kd6 46. h3 Kc5 47. Ne4+ Kd4 48. a4 Nd7 49. h4 Nc5 50. Nd2 Kc3 51. Ke1 Kc2 52. h5 Kc1 53. Nc4 Nxb3 54. Kf2 d2 0-1

[Event "ROM-ch U14 Girls"]
[Site "Calimanesti Caciulata"]
[Date "2019.04.22"]
[Round "9"]
[White "Palos, Andra Maria"]
[Black "Vorniceanu, Alina"]
[Result "1/2-1/2"]
[WhiteElo "1552"]
[BlackElo "1469"]
[PlyCount "99"]
[EventDate "2019.04.15"]
[EventType "swiss"]
[EventRounds "9"]
[EventCountry "ROU"]
[SourceTitle "CBM 190 Extra"]
[Source "ChessBase"]
[SourceDate "2019.07.15"]
[SourceVersion "1"]
[SourceVersionDate "2019.07.15"]
[SourceQuality "1"]

1. e4 e5 2. f4 Bc5 3. Nf3 Nc6 4. Bc4 Nf6 5. d3 d6 6. Nc3 0-0 7. Na4 Bb6 8. Nxb6 axb6 9. Bd2 exf4 10. Bxf4 Re8 11. 0-0 Bg4 12. Qd2 Rc8 13. Bb5 Bxf3 14. gxf3 Nh5 15. Bg5 Qd7 16. d4 d5 17. exd5 Qxd5 18. c4 Qf5 19. Qg2 Re6 20. Qg4 Qxg4+ 21. fxg4 Rg6 22. Bxc6 bxc6 23. Rf5 f6 24. gxh5 Rxg5+ 25. Rxg5 fxg5 26. Re1 Kf7 27. Kg2 Rd8 28. Re4 Rd6 29. Kg3 Kf6 30. Kg4 h6 31. Kf3 g6 32. hxg6 Kxg6 33. h4 gxh4 34. Rxh4 Rf6+ 35. Rf4 Rxf4+ 36. Kxf4 h5 37. a4 Kf6 38. b4 Ke6 39. a5 bxa5 40. bxa5 Kd7 41. Kg5 Kc8 42. Kxh5 Kb7 43. Kg6 Ka6 44. Kf6 Kxa5 45. Ke7 Kb4 46. c5 Kc4 47. Kd7 Kxd4 48. Kxc6 Kc4 49. Kd7 Kxc5 50. Kxc7 1/2-1/2

[Event "ROM-chT (Women)"]
[Site "Baile Govora"]
[Date "2017.11.15"]
[Round "5.4"]
[White "Vorniceanu, Alina"]
[Black "Peptan, Corina Isabela"]
[Result "0-1"]
[WhiteElo "1526"]
[BlackElo "2399"]
[PlyCount "77"]
[EventDate "2017.11.11"]
[EventType "team-tourn"]
[EventRounds "9"]
[EventCountry "ROU"]
[SourceTitle "CBM 181 Extra"]
[Source "ChessBase"]
[SourceDate "2017.12.12"]
[SourceVersion "1"]
[SourceVersionDate "2017.12.12"]
[SourceQuality "1"]
[WhiteTeam "Galati (W)"]
[BlackTeam "Bucharest CSM (W)"]
[WhiteTeamCountry "ROU"]
[BlackTeamCountry "ROU"]

1. d4 Nf6 2. c4 e6 3. Nc3 d5 4. Nf3 Be7 5. e3 0-0 6. Bd3 c5 7. cxd5 exd5 8. dxc5 Bxc5 9. 0-0 Nc6 10. Na4 Bd6 11. Nc3 a6 12. a4 Bg4 13. h3 Bh5 14. Be2 Re8 15. Kh1 Bc7 16. Qb3 Qd6 17. g3 Rad8 18. Qxb7 Na5 19. Qxa6 Bxf3+ 20. Kg1 Bxe2 21. Qxd6 Bxd6 22. Nxe2 Nb3 23. Ra2 Bb4 24. Rd1 Rc8 25. Kf1 Rc2 26. a5 Rec8 27. a6 Nxc1 28. Nxc1 Rxc1 29. Rxc1 Rxc1+ 30. Kg2 Rc8 31. a7 Ra8 32. Ra6 Bc5 33. b4 Rxa7 34. b5 Rxa6 35. bxa6 Nd7 36. g4 Nb8 37. Kf3 Nxa6 38. Kf4 Bd6+ 39. Kf3 0-1

[Event "Braila Albulet Memorial (Women) 10th"]
[Site "Braila"]
[Date "2017.10.09"]
[Round "3"]
[White "Vorniceanu, Alina"]
[Black "Babiy, Olga"]
[Result "0-1"]
[WhiteElo "1498"]
[BlackElo "2317"]
[PlyCount "114"]
[EventDate "2017.10.07"]
[EventType "swiss"]
[EventRounds "9"]
[EventCountry "ROU"]
[SourceTitle "CBM 181 Extra"]
[Source "ChessBase"]
[SourceDate "2017.12.12"]
[SourceVersion "1"]
[SourceVersionDate "2017.12.12"]
[SourceQuality "1"]

1. e4 c5 2. Nc3 e6 3. g3 a6 4. Bg2 b5 5. f4 Bb7 6. d3 b4 7. Nce2 d5 8. e5 h5 9. Nf3 Nc6 10. 0-0 Nh6 11. Be3 Ng4 12. Bf2 Be7 13. h3 Nxf2 14. Rxf2 g5 15. Qd2 g4 16. Nh2 f5 17. exf6 Bxf6 18. c3 Rg8 19. Qe3 Qd6 20. f5 e5 21. Qh6 Rh8 22. Qe3 gxh3 23. Bxh3 0-0-0 24. cxb4 cxb4 25. Rc1 Kb8 26. Qb6 e4 27. dxe4 dxe4 28. Nf1 Ne5 29. Qxd6+ Rxd6 30. Rb1 e3 31. Nxe3 Nf3+ 32. Kf1 Nd2+ 33. Ke1 Nxb1 34. Nc4 Rd7 35. Nf4 Bd4 36. Re2 Bf3 37. Re6 Bc5 38. Ne3 Bg4 39. Re5 Bxe3 40. Rxe3 Rd1+ 41. Kf2 Rd2+ 42. Ke1 Rc8 43. Nd3 Bxh3 44. f6 Rf8 45. Nf2 Rxf6 46. Re2 Rxe2+ 47. Kxe2 Bg4+ 48. Ke3 Rf3+ 49. Ke2 Rxg3+ 50. Kf1 h4 51. Nxg4 Rxg4 52. Ke2 h3 53. Kd1 h2 54. Ke2 h1Q 55. Ke3 Qe4+ 56. Kf2 Rg2+ 57. Kf1 Qe2# 0-1

[Event "Braila Albulet Memorial (Women) 10th"]
[Site "Braila"]
[Date "2017.10.07"]
[Round "1"]
[White "Vorniceanu, Alina"]
[Black "Cosman, Andreea Marioara"]
[Result "0-1"]
[WhiteElo "1498"]
[BlackElo "2125"]
[PlyCount "60"]
[EventDate "2017.10.07"]
[EventType "swiss"]
[EventRounds "9"]
[EventCountry "ROU"]
[SourceTitle "CBM 181 Extra"]
[Source "ChessBase"]
[SourceDate "2017.12.12"]
[SourceVersion "1"]
[SourceVersionDate "2017.12.12"]
[SourceQuality "1"]

1. e4 c5 2. Nc3 e6 3. g3 d5 4. exd5 exd5 5. Qe2+ Be7 6. Bg2 Nf6 7. Nf3 0-0 8. 0-0 Nc6 9. d3 Bg4 10. h3 Nd4 11. Qd1 Nxf3+ 12. Bxf3 Bxh3 13. Re1 Qd7 14. Ne2 Rfe8 15. Nf4 Bf5 16. Kg2 d4 17. Rh1 Bd6 18. Nh5 Ng4 19. Qd2 Bg6 20. Qg5 Ne5 21. Be4 f5 22. Bd5+ Nf7 23. Qh4 Be7 24. Bxf7+ Bxf7 25. Qh3 Qc6+ 26. Kg1 Bg6 27. Nf4 Bg5 28. Nxg6 Re1+ 29. Qf1 Rxf1+ 30. Kxf1 Qxh1+ 0-1

[Event "ROM-ch U12 Girls"]
[Site "Baile Felix"]
[Date "2017.02.07"]
[Round "7"]
[White "Vulpe, Raisa Georgiana"]
[Black "Vorniceanu, Alina"]
[Result "1/2-1/2"]
[WhiteElo "1424"]
[BlackElo "1484"]
[PlyCount "58"]
[EventDate "2017.02.02"]
[EventType "swiss"]
[EventRounds "9"]
[EventCountry "ROU"]
[SourceTitle "CBM 176 Extra"]
[Source "ChessBase"]
[SourceDate "2017.03.02"]
[SourceVersion "1"]
[SourceVersionDate "2017.03.02"]
[SourceQuality "1"]

1. e4 e5 2. Nf3 Nc6 3. Bc4 Bc5 4. c3 Nf6 5. d4 exd4 6. cxd4 Bb4+ 7. Nc3 Nxe4 8. 0-0 Bxc3 9. d5 Bf6 10. Re1 Ne7 11. Rxe4 d6 12. Bg5 Bxg5 13. Nxg5 h6 14. Bb5+ Bd7 15. Bxd7+ Qxd7 16. Qe2 Kf8 17. Re1 Nxd5 18. Qc4 Nb6 19. Qb3 hxg5 20. Re7 Qf5 21. Rxc7 Re8 22. Rxe8+ Kxe8 23. h3 Qe6 24. Qb5+ Kf8 25. Rxb7 Qc8 26. Qa6 Qc1+ 27. Kh2 Qf4+ 28. Kg1 Qc1+ 29. Kh2 Qf4+ 1/2-1/2

[Event "ROM-ch U12 Girls"]
[Site "Baile Felix"]
[Date "2017.02.05"]
[Round "4"]
[White "Vorniceanu, Alina"]
[Black "Enachi, Alisa Francesca"]
[Result "1-0"]
[WhiteElo "1484"]
[BlackElo "1193"]
[PlyCount "45"]
[EventDate "2017.02.02"]
[EventType "swiss"]
[EventRounds "9"]
[EventCountry "ROU"]
[SourceTitle "CBM 176 Extra"]
[Source "ChessBase"]
[SourceDate "2017.03.02"]
[SourceVersion "1"]
[SourceVersionDate "2017.03.02"]
[SourceQuality "1"]

1. e4 c5 2. Nc3 Nc6 3. g3 e6 4. Bg2 Nf6 5. f4 d5 6. e5 Nd7 7. Nf3 Be7 8. d3 b6 9. 0-0 0-0 10. Bd2 Re8 11. h3 f6 12. Qe2 fxe5 13. fxe5 a6 14. Rae1 d4 15. Nd1 Bf8 16. Ng5 Bb7 17. Qh5 h6 18. Qg6 hxg5 19. Be4 Nf6 20. exf6 Ne5 21. Qh7+ Kf7 22. fxg7+ Ke7 23. gxf8Q# 1-0

[Event "ROM-ch U12 Girls"]
[Site "Baile Felix"]
[Date "2017.02.02"]
[Round "1"]
[White "Serbanuta, Teodora"]
[Black "Vorniceanu, Alina"]
[Result "0-1"]
[WhiteElo "1117"]
[BlackElo "1484"]
[PlyCount "44"]
[EventDate "2017.02.02"]
[EventType "swiss"]
[EventRounds "9"]
[EventCountry "ROU"]
[SourceTitle "CBM 176 Extra"]
[Source "ChessBase"]
[SourceDate "2017.03.02"]
[SourceVersion "1"]
[SourceVersionDate "2017.03.02"]
[SourceQuality "1"]

1. e4 e5 2. Nf3 Nc6 3. Bc4 Bc5 4. c3 Nf6 5. d4 exd4 6. cxd4 Bb4+ 7. Nc3 Nxe4 8. Qe2 d5 9. 0-0 Bxc3 10. bxc3 0-0 11. Qd3 Bf5 12. Ne5 dxc4 13. Qxc4 Qd6 14. Qa4 Qd5 15. Ba3 Rfe8 16. Rfe1 Nxc3 17. Nxc6 Nxa4 18. Ne7+ Rxe7 19. Bxe7 Qxd4 20. Rac1 Be6 21. Rxc7 b5 22. Rb7 Qc3 0-1

[Event "Braila Albulet Memorial (Women) 9th"]
[Site "Braila"]
[Date "2016.11.07"]
[Round "3"]
[White "Gitu, Paula Alexandra"]
[Black "Vorniceanu, Alina"]
[Result "1-0"]
[WhiteElo "1904"]
[BlackElo "1442"]
[PlyCount "87"]
[EventDate "2016.11.05"]
[EventType "swiss"]
[EventRounds "9"]
[EventCountry "ROU"]
[SourceTitle "CBM 175 Extra"]
[Source "ChessBase"]
[SourceDate "2016.12.12"]
[SourceVersion "1"]
[SourceVersionDate "2016.12.12"]
[SourceQuality "1"]

1. e4 e5 2. Nf3 Nc6 3. Nc3 Nf6 4. Bb5 Bb4 5. Nd5 Bc5 6. d3 a6 7. Ba4 b5 8. Bb3 h5 9. Be3 Ba7 10. 0-0 0-0 11. Qd2 Nd4 12. Nxe5 c6 13. Nc3 Nxb3 14. axb3 Qc7 15. Nf3 Ng4 16. Bxa7 Rxa7 17. h3 Ne5 18. Nxe5 Qxe5 19. Qe3 Ra8 20. f4 Qe7 21. f5 f6 22. Rae1 Re8 23. d4 d6 24. Qg3 Qc7 25. Kh1 Bb7 26. Rf3 Re7 27. Nd1 Rae8 28. Nf2 Kh8 29. Rfe3 Bc8 30. Nd3 a5 31. Nf4 Kh7 32. Nxh5 Kh8 33. Qg6 Rg8 34. e5 dxe5 35. dxe5 fxe5 36. f6 gxf6 37. Qh6+ Rh7 38. Qxf6+ Rhg7 39. Nxg7 Qxg7 40. Qxg7+ Rxg7 41. Rxe5 Bb7 42. Re7 Kh7 43. Rxg7+ Kxg7 44. Re7+ 1-0

[Event "ROM-ch U12 Girls"]
[Site "Calimanesti Caciulata"]
[Date "2016.04.21"]
[Round "5"]
[White "Mihut, Maria Emilia"]
[Black "Vorniceanu, Alina"]
[Result "1/2-1/2"]
[WhiteElo "1476"]
[BlackElo "1383"]
[PlyCount "55"]
[EventDate "2016.04.18"]
[EventType "swiss"]
[EventRounds "9"]
[EventCountry "ROU"]
[SourceTitle "CBM 172 Extra"]
[Source "ChessBase"]
[SourceDate "2016.06.21"]
[SourceVersion "1"]
[SourceVersionDate "2016.06.21"]
[SourceQuality "1"]

1. d4 d5 2. c4 e6 3. Nc3 Be7 4. Nf3 Nf6 5. Bg5 h6 6. Bh4 0-0 7. e3 b6 8. Bd3 Bb7 9. 0-0 Nbd7 10. Rc1 Rc8 11. Re1 c5 12. cxd5 Nxd5 13. Bxe7 Qxe7 14. Nxd5 exd5 15. b3 Qd6 16. Bf5 Rc7 17. Bxd7 Qxd7 18. Ne5 Qe7 19. h3 Rfc8 20. Qd2 cxd4 21. exd4 Qd6 22. Kh1 a6 23. Kg1 Kf8 24. Kh1 Kg8 25. Kg1 Kf8 26. Kh1 Kg8 27. Kg1 Kf8 28. Kh1 1/2-1/2

[Event "ROM-ch U10 Girls"]
[Site "Calimanesti"]
[Date "2015.04.03"]
[Round "6"]
[White "Hejja, Irisz Hanna"]
[Black "Vorniceanu, Alina"]
[Result "0-1"]
[WhiteElo "1538"]
[BlackElo "1100"]
[PlyCount "120"]
[EventDate "2015.03.30"]
[EventType "swiss"]
[EventRounds "9"]
[EventCountry "ROU"]
[SourceTitle "CBM 165 Extra"]
[Source "ChessBase"]
[SourceDate "2015.04.21"]
[SourceVersion "1"]
[SourceVersionDate "2015.04.21"]
[SourceQuality "1"]

1. d4 d5 2. Nc3 Nf6 3. Bg5 e6 4. e4 dxe4 5. Nxe4 Be7 6. Bxf6 Bxf6 7. Nf3 0-0 8. c3 Nc6 9. Bd3 Qe7 10. Qc2 Rd8 11. 0-0-0 Bd7 12. Nxf6+ Qxf6 13. Bxh7+ Kf8 14. Bd3 Re8 15. h4 Ne7 16. Ng5 Qh6 17. Qd2 Ng6 18. h5 Nh8 19. Nh7+ Ke7 20. Ng5 f5 21. Nf3 Qh7 22. Rde1 Kd8 23. Ne5 c6 24. Nxd7 Kxd7 25. Qf4 Rad8 26. g4 Qh6 27. Qxh6 gxh6 28. gxf5 exf5 29. Bxf5+ Kc7 30. Rxe8 Rxe8 31. Bd3 Rf8 32. Rf1 Rf3 33. Kd2 Kd6 34. Be2 Rf6 35. f4 c5 36. dxc5+ Kxc5 37. Bd3 Nf7 38. Ke3 Re6+ 39. Be4 Nd6 40. f5 Rxe4+ 41. Kd3 Re8 42. f6 Kd5 43. Rg1 Re6 44. Rg6 Nf7 45. Kd2 Ke5 46. Ke2 Rxf6 47. Rxf6 Kxf6 48. Kf3 Kg5 49. Kg3 Kxh5 50. Kh3 Kg5 51. Kg3 Nd6 52. Kh3 h5 53. Kg3 Nf5+ 54. Kh3 h4 55. Kg2 Kg4 56. Kh1 Kg3 57. Kg1 h3 58. Kh1 h2 59. a4 Nh6 60. b4 Ng4 0-1

[Event "ROM-ch U10 Girls"]
[Site "Calimanesti"]
[Date "2015.04.01"]
[Round "3"]
[White "Vorniceanu, Alina"]
[Black "Palos, Andra Maria"]
[Result "1-0"]
[WhiteElo "1100"]
[BlackElo "1001"]
[PlyCount "60"]
[EventDate "2015.03.30"]
[EventType "swiss"]
[EventRounds "9"]
[EventCountry "ROU"]
[SourceTitle "CBM 165 Extra"]
[Source "ChessBase"]
[SourceDate "2015.04.21"]
[SourceVersion "1"]
[SourceVersionDate "2015.04.21"]
[SourceQuality "1"]

1. e4 e5 2. Nf3 d6 3. Bc4 Nf6 4. Nc3 Bg4 5. 0-0 Bxf3 6. Qxf3 Nc6 7. d3 Nd4 8. Qe3 a6 9. a3 b5 10. Ba2 c5 11. b4 g6 12. f4 cxb4 13. axb4 Bg7 14. fxe5 dxe5 15. Ne2 Nxe2+ 16. Qxe2 Qd4+ 17. Be3 Qxb4 18. Bg5 Qd4+ 19. Kh1 Qd7 20. Bxf6 Bxf6 21. Rxf6 Rc8 22. Raf1 0-0 23. c4 bxc4 24. Bxc4 Rc6 25. Rxf7 Rxf7 26. Rxf7 Qxf7 27. Bxf7+ Kxf7 28. Qa2+ Kg7 29. h3 Rf6 30. Qa3 Rf4 1-0